El Capitan Calzoncillos y la feroz batalla contra el Nino Mocobionico, 2a parte : (Record no. 21076)

MARC details
000 -LEADER
fixed length control field 02261nam a2200541Ia 4500
001 - CONTROL NUMBER
control field sjds253674
003 - CONTROL NUMBER IDENTIFIER
control field sjds
005 - DATE AND TIME OF LATEST TRANSACTION
control field 20180630192659.0
008 - FIXED-LENGTH DATA ELEMENTS--GENERAL INFORMATION
fixed length control field 050506t20042004nyua j 000 1 spa d
020 ## - INTERNATIONAL STANDARD BOOK NUMBER
International Standard Book Number 0439662052 (pbk.)
020 ## - INTERNATIONAL STANDARD BOOK NUMBER
International Standard Book Number 9780439662055 (pbk.)
035 ## - SYSTEM CONTROL NUMBER
System control number (OCoLC)57235013
040 ## - CATALOGING SOURCE
Original cataloging agency PWmBRO
Modifying agency UtOrBLW
Transcribing agency sjds
041 1# - LANGUAGE CODE
Language code of text/sound track or separate title spa
Language code of original eng
049 ## - LOCAL HOLDINGS (OCLC)
Holding library IFAB
099 ## - LOCAL FREE-TEXT CALL NUMBER (OCLC)
Filing suffix 2004
999 ## - SYSTEM CONTROL NUMBERS (KOHA)
Koha Dewey Subclass [OBSOLETE] ESPANOL CHILDREN FICTION PILKEY 2004
100 1# - MAIN ENTRY--PERSONAL NAME
Personal name Pilkey, Dav,
Dates associated with a name 1966-
Relator term author.
240 10 - UNIFORM TITLE
Uniform title <a href="Captain Underpants and the big, bad battle of the Bionic Booger Boy, part 2.">Captain Underpants and the big, bad battle of the Bionic Booger Boy, part 2.</a>
Language of a work Spanish
245 13 - TITLE STATEMENT
Title El Capitan Calzoncillos y la feroz batalla contra el Nino Mocobionico, 2a parte :
Remainder of title la venganza de los ridículos mocorobots : la septima novela epica /
Statement of responsibility, etc. de Dav Pilkey.
246 30 - VARYING FORM OF TITLE
Title proper/short title Venganza de los rídiculos mocorobots
260 ## - PUBLICATION, DISTRIBUTION, ETC. (IMPRINT)
Place of publication, distribution, etc. New York :
Name of publisher, distributor, etc. Scholastic,
Date of publication, distribution, etc. c2004
264 #1 - PRODUCTION, PUBLICATION, DISTRIBUTION, MANUFACTURE, AND COPYRIGHT NOTICE
Place of production, publication, distribution, manufacture New York :
Name of producer, publisher, distributor, manufacturer Scholastic,
Date of production, publication, distribution, manufacture, or copyright notice [2004]
264 #4 - PRODUCTION, PUBLICATION, DISTRIBUTION, MANUFACTURE, AND COPYRIGHT NOTICE
Date of production, publication, distribution, manufacture, or copyright notice c2004
300 ## - PHYSICAL DESCRIPTION
Extent 173 pages :
Other physical details illustrations ;
Dimensions 20 cm
336 ## - CONTENT TYPE
Content type term text
Content type code txt
Source rdacontent
337 ## - MEDIA TYPE
Media type term unmediated
Media type code n
Source rdamedia
338 ## - CARRIER TYPE
Carrier type term volume
Carrier type code nc
Source rdacarrier
520 ## - SUMMARY, ETC.
Summary, etc. George, Harold, Captain Underpants, and Sulu the Bionic Hamster battle the three Ridiculous Robo-Boogers in an attempt to turn the Bionic Booger Boy back into Melvin Sneedly.
521 0# - TARGET AUDIENCE NOTE
Target audience note 3.
521 1# - TARGET AUDIENCE NOTE
Target audience note 7-10.
526 0# - STUDY PROGRAM INFORMATION NOTE
Program name Accelerated Reader
Interest level MG
Reading level 4.6
Title point value 1.0
Public note 72761SP
650 #0 - SUBJECT ADDED ENTRY--TOPICAL TERM
Topical term or geographic name as entry element Captain Underpants (Fictitious character)
Form subdivision Juvenile fiction.
650 #0 - SUBJECT ADDED ENTRY--TOPICAL TERM
Topical term or geographic name as entry element School principals
Form subdivision Juvenile fiction.
650 #0 - SUBJECT ADDED ENTRY--TOPICAL TERM
Topical term or geographic name as entry element Schools
Form subdivision Juvenile fiction.
650 #0 - SUBJECT ADDED ENTRY--TOPICAL TERM
Topical term or geographic name as entry element Heroes
Form subdivision Juvenile fiction.
650 #0 - SUBJECT ADDED ENTRY--TOPICAL TERM
Topical term or geographic name as entry element Superheroes
Form subdivision Juvenile fiction.
650 #0 - SUBJECT ADDED ENTRY--TOPICAL TERM
Topical term or geographic name as entry element Comic books, strips, etc.
Form subdivision Juvenile literature.
650 #0 - SUBJECT ADDED ENTRY--TOPICAL TERM
Topical term or geographic name as entry element Humorous stories
Form subdivision Juvenile literature.
650 #7 - SUBJECT ADDED ENTRY--TOPICAL TERM
Topical term or geographic name as entry element Capitán Calzoncillos (Personaje literario)
Form subdivision Novela juvenil.
Source of heading or term local
650 #7 - SUBJECT ADDED ENTRY--TOPICAL TERM
Topical term or geographic name as entry element Escuelas
General subdivision Superintendentes y directores
Form subdivision Novela juvenil.
Source of heading or term bidex
650 #7 - SUBJECT ADDED ENTRY--TOPICAL TERM
Topical term or geographic name as entry element Escuelas
Form subdivision Novela juvenil.
Source of heading or term bidex
650 #7 - SUBJECT ADDED ENTRY--TOPICAL TERM
Topical term or geographic name as entry element Heroes
Form subdivision Novela juvenil.
Source of heading or term bidex
650 #7 - SUBJECT ADDED ENTRY--TOPICAL TERM
Topical term or geographic name as entry element Superheroes
Form subdivision Novela juvenil.
Source of heading or term bidex
650 #7 - SUBJECT ADDED ENTRY--TOPICAL TERM
Topical term or geographic name as entry element Libros de caricaturas, tiras comicas, etc.
Form subdivision Literatura juvenil.
Source of heading or term bidex
650 #7 - SUBJECT ADDED ENTRY--TOPICAL TERM
Topical term or geographic name as entry element Cuentos humorosos
Form subdivision Literatura juvenil.
Source of heading or term bidex
942 ## - ADDED ENTRY ELEMENTS (KOHA)
Koha item type Libro/Book

No items available.

Powered by Koha